| 000 | 00000nam##2200000za#4500 |
| 001 | 9.623014 |
| 003 | CaOODSP |
| 005 | 20200327173458 |
| 007 | ta |
| 008 | 150406|1994||||xxc||||| f|0| 0 fre|d |
| 040 | |aCaOODSP|bfre |
| 043 | |an-cn--- |
| 086 | 1 |aFs97-6/1996F |
| 110 | 1 |aCanada. |bMinistère des pêches et des océans. |
| 245 | 10|aPotentiel d'exploitation du crabe des neiges (Chionoecetes opilio) et des crabes Hyas araneus et Hyas coarctatus dans le Nord de la péninsule gaspésienne / |cpar Réjean Dufour et Denis Bernier. |
| 260 | |aOttawa - Ontario : |bPêches et Océans Canada |c1994. |
| 300 | |aviii, 51p. : |bfigures, graphiques, références, tableaux ; |c28 cm. |
| 490 | 1 |aRapport technique canadien des sciences halieutiques et aquatiques|v1996 |
| 500 | |aPréparé Préparé à la Direction des Sciences des Pêches, Ministère des Pêches et des Océans, Institut Maurice-Lamontagne, C.P. 1000, 850, route de la Mer, Mont-Joli (Québec) G5H 3Z4. |
| 546 | |aAbstracts in English |
| 563 | |aCouverture souple |
| 720 | 1 |aDufour, Réjean |
| 720 | 1 |aBernier, Denis |
| 776 | 0#|tPotentiel d'exploitation du crabe des neiges (Chionoecetes opilio) et des crabes Hyas araneus et Hyas coarctatus dans le Nord de la péninsule gaspésienne / |w(CaOODSP)9.604017 |
| 830 | #0|aRapport technique canadien des sciences halieutiques et aquatiques ;|v1996|w(CaOODSP)9.513051 |